Country Logic Puzzle by Scambigol #47 - Statistics

General Stats
  • This quiz has been taken 88 times
  • The average score is 70 of 156
Answers on the Map
Answers color-coded by a green-red scale on the quiz's map according to % correct below.
 
Answer Stats
Country % Correct
Spain
76%
Germany
72%
Brazil
69%
Canada
69%
China
69%
Colombia
69%
Costa Rica
69%
Denmark
69%
Ecuador
69%
El Salvador
69%
France
69%
Guatemala
69%
Honduras
69%
Mexico
69%
Nicaragua
69%
Panama
69%
Peru
69%
United States
69%
Belize
66%
Morocco
66%
Tanzania
66%
Algeria
62%
United Kingdom
62%
Egypt
62%
India
62%
Mali
62%
Myanmar
62%
Saudi Arabia
62%
Turkey
62%
Uganda
62%
Andorra
59%
Bolivia
59%
Chile
59%
Guyana
59%
Mauritania
59%
Paraguay
59%
Suriname
59%
Venezuela
59%
Argentina
55%
Ethiopia
55%
Gambia
55%
Ireland
55%
Luxembourg
55%
Senegal
55%
South Sudan
55%
Uruguay
55%
Afghanistan
52%
Austria
52%
Djibouti
52%
Guinea
52%
Guinea-Bissau
52%
Hungary
52%
Iran
52%
Italy
52%
Malawi
52%
Pakistan
52%
Portugal
52%
San Marino
52%
Serbia
52%
Sierra Leone
52%
Somalia
52%
Bangladesh
48%
Bhutan
48%
North Macedonia
48%
Israel
48%
Laos
48%
Libya
48%
Monaco
48%
North Korea
48%
South Korea
48%
Belgium
45%
Eritrea
45%
Kazakhstan
45%
Kyrgyzstan
45%
Nepal
45%
Netherlands
45%
Rwanda
45%
Sudan
45%
Tajikistan
45%
Uzbekistan
45%
Albania
41%
Chad
41%
Iraq
41%
Jordan
41%
Lebanon
41%
Vatican City
41%
Yemen
41%
Azerbaijan
38%
Benin
38%
Bulgaria
38%
Burkina Faso
38%
Cambodia
38%
Croatia
38%
Bosnia and Herzegovina
38%
Ghana
38%
Greece
38%
Ivory Coast
38%
Kenya
38%
Kosovo
38%
Liberia
38%
Niger
38%
Nigeria
38%
Oman
38%
Qatar
38%
Romania
38%
Slovenia
38%
Switzerland
38%
Syria
38%
Togo
38%
Tunisia
38%
Turkmenistan
38%
Vietnam
38%
Armenia
34%
Czech Republic
34%
Georgia
34%
Liechtenstein
34%
Moldova
34%
Montenegro
34%
Thailand
34%
Ukraine
34%
Angola
31%
Belarus
31%
Botswana
31%
Brunei
31%
United Arab Emirates
31%
Eswatini
31%
Indonesia
31%
Kuwait
31%
Malaysia
31%
Mozambique
31%
Namibia
31%
Slovakia
31%
South Africa
31%
Burundi
28%
Papua New Guinea
28%
East Timor
28%
Lesotho
28%
Poland
28%
Zambia
28%
Zimbabwe
28%
Cameroon
24%
Central African Republic
24%
Equatorial Guinea
24%
Rep of the Congo
24%
DR Congo
24%
Gabon
24%
Dominican Republic
21%
Haiti
21%
Latvia
21%
Estonia
17%
Finland
17%
Lithuania
17%
Mongolia
17%
Norway
17%
Russia
17%
Sweden
17%
No matching quizzes found
Score Distribution
Percent of People with Each Score
Percentile by Number Answered
Your Score History
You have not taken this quiz